Δεύτερος Παγκόσμιος Πόλεμος : αυθεντικά ντοκουμέντα καυτής επικαιρότητας

Αποθηκεύτηκε σε:
Λεπτομέρειες βιβλιογραφικής εγγραφής
Κύριος συγγραφέας: Eremeev, L. M. (Leonid Matveevich), 1911-1973
Άλλοι συγγραφείς: Σαραντόπουλος, Ανδρέας (Μεταφραστής), Βουράκης, Δημήτρης (Μεταφραστής)
Μορφή: Βιβλίο
Γλώσσα:Greek
Russian
Δημοσίευση: Αθήνα : Ζαχαρόπουλος, 1997.
Θέματα:
Ετικέτες: Προσθήκη ετικέτας
Δεν υπάρχουν, Καταχωρήστε ετικέτα πρώτοι!

MARC

LEADER 00000cam a2200000 i 4500
001 1/63537
008 020416s1997 gr | ||| |||| ||gre||
020 |a 9602085533 
035 |l 10001226 
040 |a GR-MY-UA  |b gre  |e aacr 
041 1 |a gre  |h rus 
082 7 |a 947.0842   |2 (22) 
100 1 |a Eremeev, L. M.   |q (Leonid Matveevich),   |d 1911-1973. 
245 1 0 |a Δεύτερος Παγκόσμιος Πόλεμος :   |b αυθεντικά ντοκουμέντα καυτής επικαιρότητας /   |c Λεονίντ Γιερεμέγιεφ ; μετάφραση: Αντρέας Σαραντόπουλος, Δημήτρης Βουράκης.  
246 3 4 |a Η Σοβιετική Ένωση στο Δεύτερο Παγκόσμιο Πόλεμο 1941-1945 
260 |a Αθήνα :   |b Ζαχαρόπουλος,   |c 1997. 
300 |a 142 σ. ;   |c 18 εκ.  
500 |a Μετάφραση του: CCCP bo btopon mhpobon bonhe 
650 0 0 |a World War, 1939-1945  |z Russia. 
651 0 |a Soviet Union  |x History. 
651 0 |a Russia  |x History  |y 1939-1945. 
700 1 |a Σαραντόπουλος, Ανδρέας.  |4 trl 
700 1 |a Βουράκης, Δημήτρης.  |4 trl 
852 |a INST  |b RHODES  |e 20020416  |h 947.0842 ERE  |p 005400016535  |q 005400016535  |t BK  |y 0 
901 |a BIBL4-2002-1 
909 |a Ρ  |b 101005 
970 |a ΚΟΥΛΑΚΙΟΤΗ  |b ΛΙΤΣΑ  |z 2002/04/16